Online
Catalog

Los organismos genéticamente manipulados (OGM) / (Record no. 45994)

MARC details
000 -CABECERA
campo de control de longitud fija 01254nam a2200217 a 4500
001 - NÚMERO DE CONTROL
campo de control 000046505
003 - IDENTIFICADOR DEL NÚMERO DE CONTROL
campo de control OSt
005 - FECHA Y HORA DE LA ÚLTIMA TRANSACCIÓN
campo de control 20201123123205.0
008 - DATOS DE LONGITUD FIJA--INFORMACIÓN GENERAL
campo de control de longitud fija 150820s2015 dr ac 000 0 spa d
020 ## - NÚMERO INTERNACIONAL ESTÁNDAR DEL LIBRO
Número Internacional Estándar del Libro 9789945408966
040 ## - FUENTE DE LA CATALOGACIÓN
Centro catalogador/agencia de origen DO-SdBNP
Lengua de catalogación spa
Centro/agencia transcriptor BNPHU
082 ## - NÚMERO DE LA CLASIFICACIÓN DECIMAL DEWEY
Número de documento/Ítem G569o
100 1# - ENTRADA PRINCIPAL--NOMBRE DE PERSONA
Nombre de persona Gómez Cerda, José
9 (RLIN) 8583
245 14 - MENCIÓN DE TÍTULO
Título Los organismos genéticamente manipulados (OGM) /
Mención de responsabilidad, etc. José Gómez Cerda.
260 ## - PUBLICACIÓN, DISTRIBUCIÓN, ETC.
Lugar de publicación, distribución, etc. Santo Domingo :
Nombre del editor, distribuidor, etc. Argos,
Fecha de publicación, distribución, etc. 2015.
300 ## - DESCRIPCIÓN FÍSICA
Extensión 93 p. :
Otras características físicas il., retrs. ;
Dimensiones 22 cm.
500 ## - NOTA GENERAL
Nota general Incluye datos biográficos del autor en las solapas.
505 0# - NOTA DE CONTENIDO CON FORMATO
Título Introducción --
-- La genética --
-- Las nuevas tecnologías --
-- ¿Qué es una manipulación genética? --
-- Manipulación con el ser humano --
-- ¿Qué es el ADN? --
-- Los OGM y la alimentación humana -- <br/>
-- Los OGM y los animales --
-- Los OGM y la agricultura: manipulación vegetal --
-- Como afectan al medio ambiente --
-- Condiciones de vida y trabajo --
-- Los OGM y el comercio --
-- Empresas multinacionales globales que fabrican OGM --
-- Políticas de relaciones públicas de empresas multinacionales --
-- ¿Qué organizaciones defienden a los consumidores? --
-- Actualidad --
-- Libro de José Gómez Cerda --
590 ## - NOTA LOCAL (RLIN)
Nota local Inventariado, 2020 /LP
942 ## - ELEMENTOS DE PUNTO DE ACCESO ADICIONAL (KOHA)
Fuente del sistema de clasificación o colocación Dewey Decimal Classification
Tipo de ítem Koha Libro
Holdings
Estado de retiro Estado de pérdida Fuente del sistema de clasificación o colocación Restricciones de uso No para préstamo Código de colección Localización permanente Ubicación/localización actual Ubicación en estantería Fecha de adquisición Fuente de adquisición Número de inventario Total de préstamos Signatura topográfica completa Código de barras Fecha visto por última vez Número de copia Precio válido a partir de Tipo de ítem Koha
    Dewey Decimal Classification Préstamo en sala   Dominicana de Servicio Biblioteca Nacional Pedro Henríquez Ureña General Depósito 20.08.2015 Búho LF1   G569o 46505-30 25.06.2020 e. 3 25.06.2020 Libro y Folleto Colección Dominicana de Servicio
    Dewey Decimal Classification Préstamo en sala   Dominicana de Servicio Biblioteca Nacional Pedro Henríquez Ureña General Depósito 14.12.2018 Despacho de la BNPHU LF1   G569o 46505-40 25.06.2020 e. 4 25.06.2020 Libro y Folleto Colección Dominicana de Servicio
    Dewey Decimal Classification Excluido de préstamo Excluido de préstamo Monografías: Libros y Folletos Biblioteca Nacional Pedro Henríquez Ureña General Depósito 23.11.2020 Despacho de la BNPHU     G569o   23.11.2020 e. 5 23.11.2020 Libro
    Dewey Decimal Classification Excluido de préstamo Excluido de préstamo Patrimonio Dominicano Biblioteca Nacional Pedro Henríquez Ureña Patrimonio Dominicano Depósito 20.08.2015 Búho LF1   G569o 46505-10 25.06.2020   25.06.2020 Libro y Folleto Colección Patrimonio Dominicano
    Dewey Decimal Classification Excluido de préstamo Préstamo restrigido Patrimonio Dominicano Biblioteca Nacional Pedro Henríquez Ureña Patrimonio Dominicano Depósito 20.08.2015 Búho LF1   G569o 46505-20 25.06.2020 e. 2 25.06.2020 Libro y Folleto Colección Patrimonio Dominicano

Powered by Koha